000 00561nam a2200181Ia 4500
008 100921s9999 xx 000 0 und d
082 _b40143
_a891.463 थ 97
100 _aमुजावर बशीर.
245 _aमळभ.
260 _bसाहेबजी प्रकाशन,पुणे.
_c1997
300 _a203
_bमयुरेष बुक एजन्सी,कराड
365 _b120
520 _aललित-कथा.
630 _aमळभ.
650 _aललित-कथा.
730 _aमळभ.
942 _cBOOK
999 _c789256
_d789253